[Event "GER-chT Betriebe 16th"]
[Site "Dresden"]
[Date "2016.11.06"]
[Round "7.2"]
[White "Wepfer, Bernd"]
[Black "Kolipost, Mirko"]
[Result "1/2-1/2"]
[WhiteElo "1887"]
[BlackElo "1694"]
[PlyCount "28"]
[EventDate "2016.11.03"]
[EventType "team-swiss"]
[EventRounds "7"]
[EventCountry "GER"]
[SourceTitle "EXT 2020"]
[Source "ChessBase"]
[SourceDate "2019.10.17"]
[SourceVersion "1"]
[SourceVersionDate "2019.10.17"]
[SourceQuality "1"]
[WhiteTeam "Stuttgart Stern"]
[BlackTeam "Hamburg Unilever"]
[WhiteTeamCountry "GER"]
[BlackTeamCountry "GER"]

1. c4 e5 2. g3 Nf6 3. Bg2 Nc6 4. Nc3 d6 5. d3 Be7 6. Nf3 0-0 7. 0-0 h6 8. Rb1 Rb8 9. b4 a6 10. a4 Nd4 11. e3 Nxf3+ 12. Bxf3 Bh3 13. Re1 Qd7 14. d4 Bg4 1/2-1/2

[Event "GER-chT Betriebe 16th"]
[Site "Dresden"]
[Date "2016.11.05"]
[Round "6.2"]
[White "Kolipost, Mirko"]
[Black "Kettenburg, Stefan"]
[Result "0-1"]
[WhiteElo "1694"]
[BlackElo "2063"]
[PlyCount "69"]
[EventDate "2016.11.03"]
[EventType "team-swiss"]
[EventRounds "7"]
[EventCountry "GER"]
[SourceTitle "EXT 2020"]
[Source "ChessBase"]
[SourceDate "2019.10.17"]
[SourceVersion "1"]
[SourceVersionDate "2019.10.17"]
[SourceQuality "1"]
[WhiteTeam "Hamburg Unilever"]
[BlackTeam "Berlin Tempelhof"]
[WhiteTeamCountry "GER"]
[BlackTeamCountry "GER"]

1. e4 c6 2. d4 d5 3. Nc3 dxe4 4. Nxe4 Nd7 5. Nf3 Ngf6 6. Nxf6+ Nxf6 7. h3 e6 8. Bd3 Qc7 9. 0-0 Bd6 10. Re1 b6 11. a4 Bb7 12. Ne5 Rd8 13. c3 c5 14. Bg5 h6 15. Bxf6 gxf6 16. Bb5+ Ke7 17. Nxf7 Kxf7 18. Qh5+ Kf8 19. Rxe6 Qf7 20. Qf5 Bc8 21. Qxf6 Qxf6 22. Rxf6+ Kg7 23. Rf3 Bb7 24. Rf5 Be4 25. Rh5 cxd4 26. cxd4 Rhf8 27. Re1 Bg6 28. Rh4 h5 29. d5 Bc5 30. Re2 Rxd5 31. b4 Rd1+ 32. Kh2 Bxf2 33. Rc4 h4 34. Re7+ Kh6 35. Rxa7 0-1